<?xml version="1.0" encoding="UTF-8"?>
<marc:record xmlns:marc="http://www.loc.gov/MARC21/slim">
   <marc:leader>00000nam a2200000 a 4500</marc:leader>
   <marc:datafield ind1="1" ind2=" " tag="100">
      <marc:subfield code="a">Wiegandt, Klaus</marc:subfield>
   </marc:datafield>
   <marc:datafield ind1=" " ind2=" " tag="653">
      <marc:subfield code="a">Klimawandel</marc:subfield>
   </marc:datafield>
   <marc:datafield ind1=" " ind2=" " tag="653">
      <marc:subfield code="a">Boden</marc:subfield>
   </marc:datafield>
   <marc:datafield ind1=" " ind2=" " tag="653">
      <marc:subfield code="a">Wald</marc:subfield>
   </marc:datafield>
   <marc:datafield ind1=" " ind2=" " tag="653">
      <marc:subfield code="a">Klimaschutz</marc:subfield>
   </marc:datafield>
   <marc:datafield ind1=" " ind2=" " tag="653">
      <marc:subfield code="a">Moore</marc:subfield>
   </marc:datafield>
   <marc:datafield ind1=" " ind2=" " tag="653">
      <marc:subfield code="a">Ökologie</marc:subfield>
   </marc:datafield>
   <marc:datafield ind1=" " ind2=" " tag="653">
      <marc:subfield code="a">Softcover / Sachbücher/Natur</marc:subfield>
   </marc:datafield>
   <marc:datafield ind1=" " ind2=" " tag="653">
      <marc:subfield code="a">Technik/Natur</marc:subfield>
   </marc:datafield>
   <marc:datafield ind1=" " ind2=" " tag="653">
      <marc:subfield code="a">Gesellschaft</marc:subfield>
   </marc:datafield>
   <marc:datafield ind1="0" ind2="0" tag="245">
      <marc:subfield code="a">3 Grad mehr</marc:subfield>
   </marc:datafield>
   <marc:datafield ind1="0" ind2="0" tag="245">
      <marc:subfield code="b">ein Blick in die drohende Heißzeit und wie uns die Natur helfen kann, sie zu verhindern</marc:subfield>
   </marc:datafield>
   <marc:datafield ind1="0" ind2="0" tag="245">
      <marc:subfield code="c">Klaus Wiegandt (Hrsg.) ; mit Infografiken von Esther Gonstalla</marc:subfield>
   </marc:datafield>
   <marc:datafield ind1=" " ind2="1" tag="264">
      <marc:subfield code="a">München</marc:subfield>
      <marc:subfield code="b">oekom Verlag</marc:subfield>
      <marc:subfield code="c">2022</marc:subfield>
   </marc:datafield>
   <marc:datafield ind1="1" ind2=" " tag="520">
      <marc:subfield code="a">Angaben aus der Verlagsmeldung

3 Grad mehr : Ein Blick in die drohende Heißzeit und wie uns die Natur helfen kann, sie zu verhindern

Höchstens 1,5 Grad Erderwärmung: Dieses Ziel wurde 2015 auf dem Klimagipfel von Paris formuliert. Seitdem ist jedoch wenig passiert, im Gegenteil: Der Ausstoß von CO2 ist weiter gewachsen. Die Forschung geht längst davon aus, dass wir auf eine 3 Grad wärmere Welt zusteuern.

In diesem Buch hat sich das Who’s who der Wissenschaft von Hans J. Schellnhuber bis Jutta Allmendinger zusammengetan, um darzustellen, was Natur und Gesellschaft droht, wenn es so weit kommt. Doch die Autor*innen verharren nicht bei alarmierenden Zukunftsvisionen, sondern zeigen detailliert auf, wie wir das Schlimmste verhindern können, indem wir

- die Abholzung der Regenwälder stoppen,
- die Aufforstung v. a. in den Tropen massiv vorantreiben,
- die trockengelegten Moore wiedervernässen - und die Humuspools der Böden wieder auffüllen.

Ein gleichermaßen aufrüttelndes wie Hoffnung spendendes Buch, attraktiv gestaltet mit zahlreichen Fotos und Infografiken.
</marc:subfield>
   </marc:datafield>
   <marc:datafield ind1=" " ind2=" " tag="020">
      <marc:subfield code="a">9783962383695</marc:subfield>
      <marc:subfield code="9">9783962383695</marc:subfield>
   </marc:datafield>
   <marc:datafield ind1=" " ind2=" " tag="020">
      <marc:subfield code="a">3962383697</marc:subfield>
      <marc:subfield code="9">3962383697</marc:subfield>
   </marc:datafield>
   <marc:datafield ind1=" " ind2=" " tag="041">
      <marc:subfield code="a">ger</marc:subfield>
   </marc:datafield>
   <marc:datafield ind1=" " ind2=" " tag="300">
      <marc:subfield code="a">347 Seiten</marc:subfield>
   </marc:datafield>
</marc:record>
